| 000 | 00875nam a2200229 i 4500 | ||
|---|---|---|---|
| 001 | 48888 | ||
| 003 | ES-MaACL | ||
| 005 | 20250730050440.0 | ||
| 007 | t| | ||
| 008 | 030701s1981 sp ||||1| spa d | ||
| 020 | _a84-7231-617-3 | ||
| 245 | 0 | 0 |
_aCórdoba : _bapuntes para su historia / _cAntonio Domínguez Ortiz ... [et al.]. |
| 260 |
_aCórdoba : _bMonte de Piedad y Caja de Ahorros, _c1981. |
||
| 300 |
_a251 p. ; _c24 cm. |
||
| 504 | _aBibliografía: p. 103-105. | ||
| 594 | _aRecoge el ciclo de conferencias celebrado en mayo de 1980, como homenaje a Juan González Crespo, catedrático del INB Góngora de Córdoba. | ||
| 651 | 4 |
_aCórdoba (Provincia)- _xHistoria. _9153461 |
|
| 700 | 1 |
_aDomínguez Ortiz, Antonio, _d1909-2003 _945233 |
|
| 710 | 2 |
_aMonte de Piedad y Caja de Ahorros de Córdoba. _95763 |
|
| 852 | 4 |
_aES-MaACL _jL-1466 |
|
| 999 |
_c48888 _d48888 |
||